00588nam a22001697a 450000500170000001000150001702000260003203500140005803700130007208200120008510000220009724501180011926000450023727000650028230000450034770000260039220221110121011.0 aENG-135658 a9780199479283c795.00 aEN-119190 bDBAD/PUB a330.954 aRana, Pradumna B. aJumpstarting south asia:brevisiting economic reforms and look east policies/cby Pradumna B. Rana & Wai-Mun Chia aDaryaganjbOxford University Pressc2018 a2/11 Ground Floor, Ansari Road, DaryaganjbNew Delhie110002 axii: 256p.c23cm(hbk)bReference & Index aChia, Wai-MuneAuthor